000 00464nam a22001697a 4500
005 20250911123908.0
008 250910b |||||||| |||| 00| 0 eng d
020 _a978-1-138-06149-1
041 _aeng
082 _a622.82 TRIP-M
100 _aTRIPATHI, DEBI PRASAD
_98686
245 _aMINE SAFETY SCIENCE AND ENGINEERING : Health and desaster management
260 _aNEW YORK
_bC.R.S PRESS
_c2020
300 _a404;P
650 _aMIINING
_98687
942 _cBK
999 _c8820
_d8818